Gauge theories in particle physics, third edition - 2 volume set : Vol 1 (Record no. 30106)
[ view plain ]
| 000 -LEADER | |
|---|---|
| fixed length control field | 00782 a2200181 4500 |
| 020 ## - INTERNATIONAL STANDARD BOOK NUMBER | |
| International Standard Book Number | 0-7203-0864-8 |
| 020 ## - INTERNATIONAL STANDARD BOOK NUMBER | |
| International Standard Book Number | 9780750308649 |
| 082 04 - DEWEY DECIMAL CLASSIFICATION NUMBER | |
| Classification number | 539.721 |
| 090 ## - LOCALLY ASSIGNED LC-TYPE CALL NUMBER (OCLC); LOCAL CALL NUMBER (RLIN) | |
| -- | 1495 |
| -- | 1495 |
| 100 1# - MAIN ENTRY--PERSONAL NAME | |
| Personal name | Aitchison, I.J.R. |
| 245 10 - TITLE STATEMENT | |
| Title | Gauge theories in particle physics, third edition - 2 volume set : Vol 1 |
| Remainder of title | gauge theories in particle physics : |
| -- | a practical introduction. |
| Number of part/section of a work | Vol. 1 - from relativistic quantum mechanics to qed / |
| Statement of responsibility, etc. | I.J.R. Aitchison, A.J.G. Hey. |
| 250 ## - EDITION STATEMENT | |
| Edition statement | 3rd Rev ed. |
| 260 ## - PUBLICATION, DISTRIBUTION, ETC. | |
| Place of publication, distribution, etc. | [S.l.] : |
| Name of publisher, distributor, etc. | Taylor & Francis, |
| Date of publication, distribution, etc. | 2002. |
| 300 ## - PHYSICAL DESCRIPTION | |
| Extent | 422 p. ; |
| Dimensions | 23 cm. |
| 700 1# - ADDED ENTRY--PERSONAL NAME | |
| Personal name | Hey, A.J.G. |
| 942 ## - ADDED ENTRY ELEMENTS (KOHA) | |
| Institution code [OBSOLETE] | SNS |
| Koha item type | Book |
| Call number prefix | 539.721 AIT |
| Withdrawn status | Lost status | Damaged status | Not for loan | Permanent Location | Current Location | Date acquired | Total Checkouts | Total Renewals | Full call number | Barcode | Date last seen | Date last checked out | Price effective from | Koha item type |
|---|---|---|---|---|---|---|---|---|---|---|---|---|---|---|
| School of Natural Sciences (SNS) | School of Natural Sciences (SNS) | 05/26/2016 | 7 | 4 | 539.721 AIT | SNS0000620 | 11/16/2020 | 01/30/2020 | 05/26/2016 | Book |
